[Event "Bundesliga 9900"]
[Site "Deutschland"]
[Date "2000.01.29"]
[Round "8.6"]
[White "Kachiani Gersinska, Ketino"]
[Black "Hector, Jonny"]
[Result "1/2-1/2"]
[WhiteElo "2437"]
[BlackElo "2515"]
[PlyCount "85"]
[EventDate "1999.10.09"]
[EventType "team"]
[EventRounds "15"]
[EventCountry "GER"]
[SourceTitle "Bundesliga 9900"]
[Source "DeepChess"]
[SourceDate "2005.01.01"]
[SourceVersion "1"]
[SourceVersionDate "2005.01.01"]
[SourceQuality "1"]
[WhiteTeam "TV Tegernsee"]
[BlackTeam "Luebecker SV von 1873 "]
[WhiteTeamCountry "GER"]
[BlackTeamCountry "GER"]

1. d4 d5 2. c4 c6 3. Nf3 Nf6 4. Nc3 dxc4 5. a4 Bf5 6. e3 e6 7. Bxc4 Bb4 8. O-O
Nbd7 9. Nh4 Bg6 10. Nxg6 hxg6 11. h3 Qa5 12. Qe2 Qh5 13. a5 b5 14. Qxh5 Nxh5
15. Be2 a6 16. Bd2 Nhf6 17. Bf3 Rc8 18. Rfc1 Ke7 19. Ne4 Bxd2 20. Nxd2 c5 21.
Bb7 Rc7 22. dxc5 Rxb7 23. c6 Rc7 24. cxd7 Kxd7 25. Rxc7+ Kxc7 26. Nf3 Rh5 27.
Rc1+ Kd6 28. Rc8 b4 29. Rb8 Rxa5 30. Rxb4 Rb5 31. Ra4 a5 32. Nd4 Rxb2 33. Rxa5
Ne4 34. f3 Ng3 35. Rb5 Ra2 36. Rg5 Ra1+ 37. Kf2 Nh1+ 38. Ke2 Ra2+ 39. Kf1 e5
40. Nb5+ Ke6 41. Nc7+ Kd6 42. Nb5+ Ke6 43. Nc7+ 1/2-1/2

[Event "Bundesliga 9900"]
[Site "Deutschland"]
[Date "2000.01.29"]
[Round "8.8"]
[White "Bromberger, Stefan"]
[Black "Lau, Ralf"]
[Result "1/2-1/2"]
[WhiteElo "2319"]
[BlackElo "2527"]
[PlyCount "85"]
[EventDate "1999.10.09"]
[EventType "team"]
[EventRounds "15"]
[EventCountry "GER"]
[SourceTitle "Bundesliga 9900"]
[Source "DeepChess"]
[SourceDate "2005.01.01"]
[SourceVersion "1"]
[SourceVersionDate "2005.01.01"]
[SourceQuality "1"]
[WhiteTeam "TV Tegernsee"]
[BlackTeam "Luebecker SV von 1873 "]
[WhiteTeamCountry "GER"]
[BlackTeamCountry "GER"]

1. d4 d5 2. c4 e6 3. Nc3 Nf6 4. Bg5 Be7 5. Nf3 h6 6. Bh4 O-O 7. e3 b6 8. Be2
Bb7 9. Bxf6 Bxf6 10. cxd5 exd5 11. b4 c6 12. O-O Qd6 13. Qb3 Nd7 14. Rfd1 Rfd8
15. Rac1 a5 16. b5 c5 17. Qb1 Rac8 18. dxc5 Nxc5 19. Nd4 Ne6 20. Bg4 Bxd4 21.
exd4 Rc4 22. Ne2 Re8 23. Qd3 Nf4 24. Qd2 Ng6 25. Bf5 Ne7 26. Bd3 Rxc1 27. Rxc1
Rc8 28. Rxc8+ Bxc8 29. Qc3 Bd7 30. h3 g6 31. Qd2 Kg7 32. g4 h5 33. gxh5 Bxh3
34. hxg6 fxg6 35. Ng3 Qf6 36. Qe3 Bf5 37. Bxf5 Nxf5 38. Nxf5+ Qxf5 39. Qg3 Qb1+
40. Kh2 Qxb5 41. Qe5+ Kf7 42. Qc7+ Kf6 43. Qe5+ 1/2-1/2

[Event "Bundesliga 9900"]
[Site "Deutschland"]
[Date "2000.01.29"]
[Round "8.2"]
[White "Rustemov, Alexander"]
[Black "Sax, Gyula"]
[Result "1-0"]
[WhiteElo "2553"]
[BlackElo "2609"]
[PlyCount "55"]
[EventDate "1999.10.09"]
[EventType "team"]
[EventRounds "15"]
[EventCountry "GER"]
[SourceTitle "Bundesliga 9900"]
[Source "DeepChess"]
[SourceDate "2005.01.01"]
[SourceVersion "1"]
[SourceVersionDate "2005.01.01"]
[SourceQuality "1"]
[WhiteTeam "SV Wattenscheid 1930"]
[BlackTeam "PSV Turm Duisburg 1920 e.V."]
[WhiteTeamCountry "GER"]
[BlackTeamCountry "GER"]

1. d4 Nf6 2. c4 e6 3. g3 d5 4. Bg2 dxc4 5. Nf3 Nc6 6. O-O Rb8 7. e3 b5 8. b3
cxb3 9. axb3 a6 10. Qe2 Be7 11. Rd1 O-O 12. Bb2 Nb4 13. Nbd2 Bb7 14. e4 c5 15.
e5 Nfd5 16. dxc5 Bxc5 17. Ne4 Be7 18. h4 Qe8 19. Nfg5 h6 20. Qg4 f5 21. exf6
Nxf6 22. Bxf6 Bxf6 23. Nxf6+ Rxf6 24. Bxb7 Rxb7 25. Ne4 Rg6 26. Qe2 Rc7 27. h5
Rc2 28. Qf3 1-0

[Event "Bundesliga 9900"]
[Site "Deutschland"]
[Date "2000.01.29"]
[Round "8.3"]
[White "Marciano, David"]
[Black "Hall, Jesper"]
[Result "0-1"]
[WhiteElo "2526"]
[BlackElo "2484"]
[PlyCount "68"]
[EventDate "1999.10.09"]
[EventType "team"]
[EventRounds "15"]
[EventCountry "GER"]
[SourceTitle "Bundesliga 9900"]
[Source "DeepChess"]
[SourceDate "2005.01.01"]
[SourceVersion "1"]
[SourceVersionDate "2005.01.01"]
[SourceQuality "1"]
[WhiteTeam "PSV Turm Duisburg 1920 e.V."]
[BlackTeam "SV Wattenscheid 1930"]
[WhiteTeamCountry "GER"]
[BlackTeamCountry "GER"]

1. e4 c5 2. Nf3 e6 3. c3 d5 4. exd5 exd5 5. d4 Nc6 6. Bb5 Bd6 7. dxc5 Bxc5 8.
O-O Nge7 9. Nbd2 O-O 10. Nb3 Bb6 11. Re1 Bg4 12. Be3 Bc7 13. Bc5 Re8 14. h3 Bh5
15. Bxc6 bxc6 16. Nbd4 Bd6 17. Nxc6 Nxc6 18. Rxe8+ Qxe8 19. Bxd6 Rd8 20. Bc5
Qe4 21. g4 Bg6 22. Nd4 Nxd4 23. Qxd4 Qe2 24. b4 Re8 25. Qd1 Qc4 26. Bd4 Re2 27.
Qb3 Qc6 28. b5 Qd7 29. a4 h5 30. Qd1 Qe6 31. Kf1 Qe4 32. Be3 Qf3 33. Qd4 Be4
34. Qxa7 Ra2 0-1

[Event "Bundesliga 9900"]
[Site "Deutschland"]
[Date "2000.01.29"]
[Round "8.4"]
[White "Ziegler, Ari"]
[Black "Miralles, Gilles"]
[Result "1/2-1/2"]
[WhiteElo "2372"]
[BlackElo "2490"]
[PlyCount "74"]
[EventDate "1999.10.09"]
[EventType "team"]
[EventRounds "15"]
[EventCountry "GER"]
[SourceTitle "Bundesliga 9900"]
[Source "DeepChess"]
[SourceDate "2005.01.01"]
[SourceVersion "1"]
[SourceVersionDate "2005.01.01"]
[SourceQuality "1"]
[WhiteTeam "SV Wattenscheid 1930"]
[BlackTeam "PSV Turm Duisburg 1920 e.V."]
[WhiteTeamCountry "GER"]
[BlackTeamCountry "GER"]

1. d4 Nf6 2. c4 g6 3. Nc3 Bg7 4. e4 O-O 5. Nf3 d6 6. Be2 Nbd7 7. O-O e5 8. Qc2
exd4 9. Nxd4 Nc5 10. Rd1 Qe7 11. f3 a5 12. Bg5 c6 13. Qd2 Rd8 14. Kh1 Be6 15.
Qf4 Rd7 16. Qh4 h6 17. Be3 g5 18. Qf2 Nh7 19. Rd2 Re8 20. Rad1 Nf8 21. g3 f5
22. exf5 Bf7 23. Nc2 Bxc3 24. bxc3 Na4 25. Re1 Qe5 26. Bd4 Qxf5 27. Bd3 Rxe1+
28. Nxe1 Qh3 29. g4 Re7 30. Re2 Rxe2 31. Qxe2 h5 32. Qe7 Ne6 33. Qxd6 hxg4 34.
Qb8+ Nf8 35. Qe5 Ne6 36. Qb8+ Nf8 37. Qe5 Ne6 1/2-1/2

[Event "Bundesliga 9900"]
[Site "Deutschland"]
[Date "2000.01.29"]
[Round "8.5"]
[White "Thesing, Matthias"]
[Black "Sjodahl, Pontus"]
[Result "1/2-1/2"]
[WhiteElo "2444"]
[BlackElo "2419"]
[PlyCount "160"]
[EventDate "1999.10.09"]
[EventType "team"]
[EventRounds "15"]
[EventCountry "GER"]
[SourceTitle "Bundesliga 9900"]
[Source "DeepChess"]
[SourceDate "2005.01.01"]
[SourceVersion "1"]
[SourceVersionDate "2005.01.01"]
[SourceQuality "1"]
[WhiteTeam "PSV Turm Duisburg 1920 e.V."]
[BlackTeam "SV Wattenscheid 1930"]
[WhiteTeamCountry "GER"]
[BlackTeamCountry "GER"]

1. e4 e6 2. d4 d5 3. exd5 exd5 4. Nf3 Nf6 5. Bd3 Bd6 6. O-O O-O 7. h3 Nbd7 8.
Re1 Re8 9. Nc3 c6 10. Rxe8+ Nxe8 11. Bg5 f6 12. Be3 Nf8 13. Ne2 Be6 14. Nf4 Bf7
15. Nd2 Qb6 16. Nb3 Rd8 17. Qg4 Rd7 18. h4 Re7 19. h5 Bb8 20. Bd2 Qd8 21. g3
Bxf4 22. gxf4 Nd6 23. Bb4 f5 24. Bxf5 Nxf5 25. Qxf5 Re2 26. Kf1 Re8 27. Re1
Rxe1+ 28. Bxe1 Qh4 29. Bb4 Ne6 30. Qe5 Qxf4 31. h6 gxh6 32. Qxf4 Nxf4 33. Na5
Bg6 34. Bd2 Ne6 35. c3 Bd3+ 36. Kg2 Ba6 37. Bxh6 Kf7 38. Kg3 Kf6 39. Kg4 c5 40.
dxc5 Nxc5 41. Be3 Nd3 42. b3 b6 43. Bd4+ Ke6 44. Nc6 Nc1 45. Nxa7 Nxa2 46. b4
Be2+ 47. Kg5 b5 48. Nc6 Bd3 49. Ne5 Bb1 50. Nf3 Nc1 51. Bh8 Ne2 52. Nd2 Bc2 53.
Nf1 Bd3 54. Ne3 Be4 55. Kg4 Bd3 56. f4 h5+ 57. Kf3 Nc1 58. Be5 Bf5 59. Kg3 Nd3
60. Bb8 d4 61. cxd4 Nxb4 62. Ba7 Nd5 63. Nf1 Bd3 64. Nd2 Kf5 65. Bb8 Be2 66.
Bd6 Bd1 67. Nf1 Be2 68. Nd2 Bg4 69. Be5 Nc3 70. Kh4 Nd5 71. Kg3 Bd1 72. Bd6 Ke6
73. Bc5 Ne3 74. Nb1 Nd5 75. Nd2 Kf6 76. Ne4+ Kg7 77. Kh4 Nxf4 78. Nc3 Bg4 79.
Nxb5 Kg6 80. Kg3 Nd5 1/2-1/2

[Event "Bundesliga 9900"]
[Site "Deutschland"]
[Date "2000.01.29"]
[Round "8.6"]
[White "Holzke, Frank"]
[Black "Zude, Arno"]
[Result "1-0"]
[WhiteElo "2461"]
[BlackElo "2371"]
[PlyCount "97"]
[EventDate "1999.10.09"]
[EventType "team"]
[EventRounds "15"]
[EventCountry "GER"]
[SourceTitle "Bundesliga 9900"]
[Source "DeepChess"]
[SourceDate "2005.01.01"]
[SourceVersion "1"]
[SourceVersionDate "2005.01.01"]
[SourceQuality "1"]
[WhiteTeam "SV Wattenscheid 1930"]
[BlackTeam "PSV Turm Duisburg 1920 e.V."]
[WhiteTeamCountry "GER"]
[BlackTeamCountry "GER"]

1. e4 e5 2. Nf3 Nc6 3. d4 exd4 4. Nxd4 Nf6 5. Nxc6 bxc6 6. e5 Qe7 7. Qe2 Nd5 8.
c4 Ba6 9. b3 g6 10. f4 Qb4+ 11. Bd2 Qb7 12. Qf2 Nb4 13. Be3 c5 14. a3 Nc6 15.
Nd2 O-O-O 16. Be2 Nd4 17. Bxd4 cxd4 18. Qxd4 Qb6 19. c5 Qc6 20. Bxa6+ Qxa6 21.
Ne4 Bg7 22. Kf2 Rhf8 23. Rhc1 f6 24. Qb4 Qb7 25. Qxb7+ Kxb7 26. c6+ Ka8 27.
cxd7 Rxd7 28. e6 Re7 29. f5 gxf5 30. Ng3 Rxe6 31. Rxc7 Rg8 32. Rd1 Bh6 33. Nxf5
Bf4 34. Rxh7 Ra6 35. a4 Rb8 36. Rd3 Be5 37. h4 Rb4 38. Rd8+ Bb8 39. Nd4 Rd6 40.
Rxd6 Bxd6 41. Nc6 Bc5+ 42. Ke2 Re4+ 43. Kf3 f5 44. b4 Bg1 45. h5 a6 46. Rf7
Re3+ 47. Kf4 Rc3 48. b5 Rc4+ 49. Ke5 1-0

[Event "Bundesliga 9900"]
[Site "Deutschland"]
[Date "2000.01.29"]
[Round "8.7"]
[White "Berg, Emanuel"]
[Black "Ellers, Holger"]
[Result "1-0"]
[WhiteElo "2432"]
[BlackElo "2430"]
[PlyCount "78"]
[EventDate "1999.10.09"]
[EventType "team"]
[EventRounds "15"]
[EventCountry "GER"]
[SourceTitle "Bundesliga 9900"]
[Source "DeepChess"]
[SourceDate "2005.01.01"]
[SourceVersion "1"]
[SourceVersionDate "2005.01.01"]
[SourceQuality "1"]
[WhiteTeam "PSV Turm Duisburg 1920 e.V."]
[BlackTeam "SV Wattenscheid 1930"]
[WhiteTeamCountry "GER"]
[BlackTeamCountry "GER"]

1. e4 e6 2. d4 d5 3. Nc3 Nc6 4. e5 f6 5. Bb5 Bd7 6. Nf3 Qe7 7. O-O O-O-O 8. Re1
Qf7 9. Qe2 Re8 10. a3 Nge7 11. b4 fxe5 12. dxe5 h6 13. Na4 Ng6 14. Bxc6 Bxc6
15. b5 Bd7 16. c4 Kb8 17. Nd4 Ne7 18. Nc3 c5 19. bxc6 Nxc6 20. Nxc6+ Bxc6 21.
cxd5 exd5 22. Be3 Rxe5 23. Bxa7+ Kxa7 24. Qxe5 Bc5 25. Qg3 Rf8 26. Re2 Qf5 27.
Rd1 Rf6 28. a4 Rg6 29. Qd3 Qxd3 30. Rxd3 d4 31. Nb5+ Kb6 32. g3 Rg4 33. f3 Rg5
34. Nxd4 Rd5 35. Red2 Bxa4 36. Kg2 Bb4 37. Rb2 Ka5 38. Nb3+ Bxb3 39. Rdxb3 b5
1-0

[Event "Bundesliga 9900"]
[Site "Deutschland"]
[Date "2000.01.29"]
[Round "8.8"]
[White "Straeter, Timo"]
[Black "Kummerow, Heiko"]
[Result "1-0"]
[WhiteElo "2343"]
[BlackElo "2326"]
[PlyCount "75"]
[EventDate "1999.10.09"]
[EventType "team"]
[EventRounds "15"]
[EventCountry "GER"]
[SourceTitle "Bundesliga 9900"]
[Source "DeepChess"]
[SourceDate "2005.01.01"]
[SourceVersion "1"]
[SourceVersionDate "2005.01.01"]
[SourceQuality "1"]
[WhiteTeam "SV Wattenscheid 1930"]
[BlackTeam "PSV Turm Duisburg 1920 e.V."]
[WhiteTeamCountry "GER"]
[BlackTeamCountry "GER"]

1. c4 c5 2. Nc3 Nc6 3. Nf3 g6 4. e3 Bg7 5. d4 cxd4 6. exd4 d6 7. h3 Nf6 8. d5
Nb8 9. Be2 O-O 10. O-O Na6 11. Re1 Nc5 12. Bf1 a5 13. Nd4 a4 14. Rb1 Bd7 15. b4
axb3 16. axb3 Re8 17. Be3 Nfe4 18. Ncb5 Bxb5 19. Nxb5 Nc3 20. Nxc3 Bxc3 21. Bd2
Bf6 22. Qc2 Qb6 23. b4 Na4 24. Ra1 Nb2 25. c5 dxc5 26. bxc5 Qc7 27. Rab1 Na4
28. Bb5 Nxc5 29. Bxe8 Rxe8 30. Rb5 b6 31. Be3 Rd8 32. Qc4 Qe5 33. Rxb6 Ne4 34.
Rc6 Qxd5 35. Qxd5 Rxd5 36. Bh6 Nd6 37. Rb1 Ne8 38. Rc8 1-0

[Event "Bundesliga 9900"]
[Site "Deutschland"]
[Date "2000.01.29"]
[Round "8.2"]
[White "Babula, Vlastimil"]
[Black "Van der Sterren, Paul"]
[Result "0-1"]
[WhiteElo "2573"]
[BlackElo "2526"]
[PlyCount "52"]
[EventDate "1999.10.09"]
[EventType "team"]
[EventRounds "15"]
[EventCountry "GER"]
[SourceTitle "Bundesliga 9900"]
[Source "DeepChess"]
[SourceDate "2005.01.01"]
[SourceVersion "1"]
[SourceVersionDate "2005.01.01"]
[SourceQuality "1"]
[WhiteTeam "SAbt SV Werder Bremen"]
[BlackTeam "SV Castrop Rauxel 1923"]
[WhiteTeamCountry "GER"]
[BlackTeamCountry "GER"]

1. d4 Nf6 2. c4 e6 3. Nc3 Bb4 4. e3 c5 5. Bd3 Nc6 6. Nf3 Bxc3+ 7. bxc3 d6 8.
O-O e5 9. Nd2 O-O 10. Rb1 Qc7 11. h3 b6 12. f4 exd4 13. cxd4 cxd4 14. exd4 Re8
15. Kh1 Nxd4 16. Bb2 Bf5 17. Bxf5 Nxf5 18. Bxf6 Ng3+ 19. Kg1 Qc5+ 20. Kh2 Nxf1+
21. Nxf1 gxf6 22. Ng3 Kh8 23. Rb5 Qf2 24. Qa1 Re6 25. Rf5 Rg8 26. Qc3 Rg6 0-1

[Event "Bundesliga 9900"]
[Site "Deutschland"]
[Date "2000.01.29"]
[Round "8.4"]
[White "Pelletier, Yannick"]
[Black "Gallagher, Joseph G"]
[Result "1/2-1/2"]
[WhiteElo "2478"]
[BlackElo "2558"]
[PlyCount "54"]
[EventDate "1999.10.09"]
[EventType "team"]
[EventRounds "15"]
[EventCountry "GER"]
[SourceTitle "Bundesliga 9900"]
[Source "DeepChess"]
[SourceDate "2005.01.01"]
[SourceVersion "1"]
[SourceVersionDate "2005.01.01"]
[SourceQuality "1"]
[WhiteTeam "SAbt SV Werder Bremen"]
[BlackTeam "SV Castrop Rauxel 1923"]
[WhiteTeamCountry "GER"]
[BlackTeamCountry "GER"]

1. d4 Nf6 2. c4 g6 3. Nc3 Bg7 4. e4 d6 5. f3 O-O 6. Be3 Nbd7 7. Nge2 c5 8. d5
Ne5 9. Ng3 e6 10. Be2 exd5 11. cxd5 a6 12. a4 h5 13. O-O Nh7 14. Qd2 Re8 15.
Bh6 Bh8 16. f4 Ng4 17. Bxg4 Bxg4 18. f5 h4 19. Qf4 g5 20. Qxg4 Bd4+ 21. Kh1 Qf6
22. Qh5 hxg3 23. h4 Bxc3 24. hxg5 Nxg5 25. Bxg5 Qh8 26. Qxh8+ Bxh8 27. Ra3 Rxe4
{(=)} 1/2-1/2

[Event "Bundesliga 9900"]
[Site "Deutschland"]
[Date "2000.01.29"]
[Round "8.5"]
[White "Seul, Georg"]
[Black "Knaak, Rainer"]
[Result "1-0"]
[WhiteElo "2436"]
[BlackElo "2505"]
[PlyCount "59"]
[EventDate "1999.10.09"]
[EventType "team"]
[EventRounds "15"]
[EventCountry "GER"]
[SourceTitle "Bundesliga 9900"]
[Source "DeepChess"]
[SourceDate "2005.01.01"]
[SourceVersion "1"]
[SourceVersionDate "2005.01.01"]
[SourceQuality "1"]
[WhiteTeam "SV Castrop Rauxel 1923"]
[BlackTeam "SAbt SV Werder Bremen"]
[WhiteTeamCountry "GER"]
[BlackTeamCountry "GER"]

1. e4 e6 2. g3 d5 3. Nc3 Nf6 4. e5 Nfd7 5. f4 c5 6. Nf3 Nc6 7. Bg2 a6 8. O-O b5
9. Ne2 Qb6 10. d3 a5 11. Be3 Ba6 12. f5 exf5 13. Nf4 Ne7 14. Qe2 Qc6 15. Bd2
Nb6 16. Bxa5 Bb7 17. Bd2 g6 18. b4 Nec8 19. g4 fxg4 20. Ng5 Bg7 21. c4 bxc4 22.
dxc4 Ne7 23. Nxd5 Nexd5 24. cxd5 Nxd5 25. Rxf7 Bh6 26. Rxb7 Qxb7 27. Ne4 O-O
28. Bxh6 Qxb4 29. Rd1 Rfe8 30. Rxd5 1-0

[Event "Bundesliga 9900"]
[Site "Deutschland"]
[Date "2000.01.29"]
[Round "8.6"]
[White "Schandorff, Lars"]
[Black "Bosch, Jeroen"]
[Result "1/2-1/2"]
[WhiteElo "2511"]
[BlackElo "2415"]
[PlyCount "78"]
[EventDate "1999.10.09"]
[EventType "team"]
[EventRounds "15"]
[EventCountry "GER"]
[SourceTitle "Bundesliga 9900"]
[Source "DeepChess"]
[SourceDate "2005.01.01"]
[SourceVersion "1"]
[SourceVersionDate "2005.01.01"]
[SourceQuality "1"]
[WhiteTeam "SAbt SV Werder Bremen"]
[BlackTeam "SV Castrop Rauxel 1923"]
[WhiteTeamCountry "GER"]
[BlackTeamCountry "GER"]

1. d4 d5 2. c4 e6 3. Nc3 c5 4. cxd5 exd5 5. Nf3 Nc6 6. g3 Nf6 7. Bg2 Be7 8. O-O
O-O 9. dxc5 Bxc5 10. Bg5 d4 11. Bxf6 Qxf6 12. Nd5 Qd8 13. Nd2 Re8 14. Rc1 Bb6
15. Nc4 Bg4 16. Re1 Ba5 17. Nxa5 Qxa5 18. b4 Nxb4 19. Qxd4 Nxd5 20. Qxg4 Nf6
21. Qc4 b5 22. Qc7 Qxc7 23. Rxc7 Rac8 24. Rxa7 Rc2 25. Bf3 g5 26. h3 h5 27. g4
hxg4 28. hxg4 Ne4 29. Kg2 Re5 30. a4 Ra2 31. a5 Nc3 32. a6 b4 33. Rb7 Rxa6 34.
Rxb4 Nd5 35. Rb8+ Kg7 36. e3 Nf4+ 37. Kf1 Ng6 38. Rd1 Rf6 39. Ke2 Nf4+ 1/2-1/2

[Event "Bundesliga 9900"]
[Site "Deutschland"]
[Date "2000.01.29"]
[Round "8.7"]
[White "Watson, William N"]
[Black "Heissler, Jakob"]
[Result "1-0"]
[WhiteElo "2535"]
[BlackElo "2447"]
[PlyCount "131"]
[EventDate "1999.10.09"]
[EventType "team"]
[EventRounds "15"]
[EventCountry "GER"]
[SourceTitle "Bundesliga 9900"]
[Source "DeepChess"]
[SourceDate "2005.01.01"]
[SourceVersion "1"]
[SourceVersionDate "2005.01.01"]
[SourceQuality "1"]
[WhiteTeam "SV Castrop Rauxel 1923"]
[BlackTeam "SAbt SV Werder Bremen"]
[WhiteTeamCountry "GER"]
[BlackTeamCountry "GER"]

1. e4 c5 2. d3 Nc6 3. g3 g6 4. Bg2 Bg7 5. f4 e6 6. Nf3 Nge7 7. O-O O-O 8. c3 d6
9. Na3 Rb8 10. d4 b5 11. dxc5 dxc5 12. Qe2 b4 13. cxb4 cxb4 14. Nc2 Qa5 15. Qf2
Ba6 16. Re1 Rfd8 17. e5 Bd3 18. Ne3 Qb6 19. b3 Nd4 20. Nxd4 Qxd4 21. Bb2 Qb6
22. Rac1 Rbc8 23. Rxc8 Rxc8 24. Rd1 Qa6 25. Bf3 h5 26. Qd2 Qxa2 27. Qxd3 Qxb2
28. Nc4 Qc3 29. Nd6 Qxd3 30. Rxd3 Rc3 31. Be4 Nf5 32. Rxc3 bxc3 33. Nb5 Ne3 34.
Nxc3 Bf8 35. Kf2 Bc5 36. Ke2 Kg7 37. Na4 Bd4 38. Kd3 Nf5 39. Bxf5 Bg1 40. Be4
Bxh2 41. Ke3 Bxg3 42. Nc3 Be1 43. Nb5 Ba5 44. Nd6 Bb6+ 45. Kd3 Bc5 46. Bc6 Kf8
47. Nc4 Ke7 48. Kc3 Bf2 49. Kb4 Bg3 50. Kb5 Bxf4 51. Ka6 Bg3 52. Kxa7 Bf2+ 53.
Ka6 g5 54. b4 g4 55. b5 h4 56. Bg2 h3 57. Bf1 f5 58. b6 Bxb6 59. Kxb6 f4 60.
Nd2 Kf7 61. Kc6 Kg6 62. Kd7 Kf5 63. Kd6 Kg5 64. Kxe6 Kh4 65. Kf5 f3 66. Bxh3
1-0

[Event "Bundesliga 9900"]
[Site "Deutschland"]
[Date "2000.01.29"]
[Round "8.8"]
[White "Meins, Gerlef"]
[Black "Dinstuhl, Volkmar"]
[Result "1/2-1/2"]
[WhiteElo "2414"]
[BlackElo "2406"]
[PlyCount "55"]
[EventDate "1999.10.09"]
[EventType "team"]
[EventRounds "15"]
[EventCountry "GER"]
[SourceTitle "Bundesliga 9900"]
[Source "DeepChess"]
[SourceDate "2005.01.01"]
[SourceVersion "1"]
[SourceVersionDate "2005.01.01"]
[SourceQuality "1"]
[WhiteTeam "SAbt SV Werder Bremen"]
[BlackTeam "SV Castrop Rauxel 1923"]
[WhiteTeamCountry "GER"]
[BlackTeamCountry "GER"]

1. d4 Nf6 2. c4 e6 3. g3 c5 4. d5 exd5 5. cxd5 d6 6. Nc3 g6 7. Bg2 Bg7 8. Nf3
O-O 9. O-O Re8 10. Nd2 a6 11. a4 Nbd7 12. Qc2 Nh5 13. e4 Ne5 14. h3 f5 15. exf5
Bxf5 16. Nde4 Nf6 17. Qb3 Nxe4 18. Nxe4 Bxe4 19. Bxe4 Qd7 20. h4 b5 21. axb5
axb5 22. Rxa8 Rxa8 23. Kg2 Re8 24. Qc2 Ng4 25. b3 Bd4 26. Bf4 Rf8 27. Qd3 Ne5
28. Bxe5 1/2-1/2

[Event "Bundesliga 9900"]
[Site "Deutschland"]
[Date "2000.01.29"]
[Round "8.1"]
[White "Beliavsky, Alexander G"]
[Black "Movsesian, Sergei"]
[Result "1/2-1/2"]
[WhiteElo "2640"]
[BlackElo "2668"]
[PlyCount "59"]
[EventDate "1999.10.09"]
[EventType "team"]
[EventRounds "15"]
[EventCountry "GER"]
[SourceTitle "Bundesliga 9900"]
[Source "DeepChess"]
[SourceDate "2005.01.01"]
[SourceVersion "1"]
[SourceVersionDate "2005.01.01"]
[SourceQuality "1"]
[WhiteTeam "SK Koenig Plauen"]
[BlackTeam "SF Neukoelln 03 e.V."]
[WhiteTeamCountry "GER"]
[BlackTeamCountry "GER"]

1. d4 Nf6 2. c4 c6 3. Nc3 d5 4. Nf3 a6 5. e3 b5 6. cxd5 cxd5 7. Bd2 e6 8. Bd3
Bb7 9. Qb1 Be7 10. O-O O-O 11. Rc1 Nc6 12. Be1 h6 13. a3 Qb6 14. Bf1 Rfc8 15.
Nd2 e5 16. dxe5 Nxe5 17. Nb3 Nc4 18. Rd1 Re8 19. Nd4 Rad8 20. a4 b4 21. Nce2
Ne4 22. b3 Na5 23. Ra2 Bf6 24. Rc2 Rc8 25. Rdc1 g6 26. Rxc8 Rxc8 27. Rxc8+ Bxc8
28. Qc2 Bb7 29. f3 Nc5 30. Bf2 1/2-1/2

[Event "Bundesliga 9900"]
[Site "Deutschland"]
[Date "2000.01.29"]
[Round "8.2"]
[White "Bunzmann, Dimitrij"]
[Black "Kindermann, Stefan"]
[Result "1/2-1/2"]
[WhiteElo "2502"]
[BlackElo "2528"]
[PlyCount "64"]
[EventDate "1999.10.09"]
[EventType "team"]
[EventRounds "15"]
[EventCountry "GER"]
[SourceTitle "Bundesliga 9900"]
[Source "DeepChess"]
[SourceDate "2005.01.01"]
[SourceVersion "1"]
[SourceVersionDate "2005.01.01"]
[SourceQuality "1"]
[WhiteTeam "SF Neukoelln 03 e.V."]
[BlackTeam "SK Koenig Plauen"]
[WhiteTeamCountry "GER"]
[BlackTeamCountry "GER"]

1. d4 Nf6 2. c4 g6 3. Nc3 Bg7 4. e4 d6 5. Nf3 O-O 6. Be2 e5 7. O-O Nc6 8. d5
Ne7 9. b4 a5 10. Ba3 axb4 11. Bxb4 Nd7 12. a4 Bh6 13. a5 f5 14. Bd3 Nf6 15. c5
fxe4 16. cxd6 cxd6 17. Nxe4 Nxe4 18. Bxe4 Bf5 19. Re1 Bxe4 20. Rxe4 Nf5 21. Rb1
Rc8 22. Be1 Rf7 23. Qb3 Qc7 24. h3 Qc5 25. Bb4 Qc2 26. Qxc2 Rxc2 27. Ne1 Ra2
28. Nd3 Rc2 29. Rb2 Rc8 30. g4 Nh4 31. Bxd6 Nf3+ 32. Kg2 Nh4+ 1/2-1/2

[Event "Bundesliga 9900"]
[Site "Deutschland"]
[Date "2000.01.29"]
[Round "8.3"]
[White "Gdanski, Jacek"]
[Black "Stohl, Igor"]
[Result "1/2-1/2"]
[WhiteElo "2535"]
[BlackElo "2586"]
[PlyCount "49"]
[EventDate "1999.10.09"]
[EventType "team"]
[EventRounds "15"]
[EventCountry "GER"]
[SourceTitle "Bundesliga 9900"]
[Source "DeepChess"]
[SourceDate "2005.01.01"]
[SourceVersion "1"]
[SourceVersionDate "2005.01.01"]
[SourceQuality "1"]
[WhiteTeam "SK Koenig Plauen"]
[BlackTeam "SF Neukoelln 03 e.V."]
[WhiteTeamCountry "GER"]
[BlackTeamCountry "GER"]

1. e4 c5 2. Nc3 e6 3. Nf3 a6 4. d4 cxd4 5. Nxd4 b5 6. g3 Bb7 7. Bg2 b4 8. Na4
Nf6 9. Qe2 Nc6 10. Nb3 d6 11. O-O Be7 12. Rd1 Qc7 13. c3 bxc3 14. Nxc3 O-O 15.
Bf4 Rac8 16. Rac1 Qb8 17. Nc5 Nd4 18. Rxd4 Rxc5 19. Rd2 Nd7 20. Rcd1 Ne5 21.
Na4 Rc7 22. b3 Bc6 23. Qxa6 Ra7 24. Qe2 Bb5 25. Qe1 1/2-1/2

[Event "Bundesliga 9900"]
[Site "Deutschland"]
[Date "2000.01.29"]
[Round "8.4"]
[White "Berndt, Stephan"]
[Black "Bischoff, Klaus"]
[Result "1/2-1/2"]
[WhiteElo "2500"]
[BlackElo "2544"]
[PlyCount "57"]
[EventDate "1999.10.09"]
[EventType "team"]
[EventRounds "15"]
[EventCountry "GER"]
[SourceTitle "Bundesliga 9900"]
[Source "DeepChess"]
[SourceDate "2005.01.01"]
[SourceVersion "1"]
[SourceVersionDate "2005.01.01"]
[SourceQuality "1"]
[WhiteTeam "SF Neukoelln 03 e.V."]
[BlackTeam "SK Koenig Plauen"]
[WhiteTeamCountry "GER"]
[BlackTeamCountry "GER"]

1. e4 c5 2. Nf3 d6 3. d4 cxd4 4. Nxd4 Nf6 5. Nc3 a6 6. Bc4 e6 7. Bb3 Nbd7 8.
Qe2 Nc5 9. Bg5 Be7 10. f4 h6 11. Bxf6 Bxf6 12. O-O-O Bd7 13. Kb1 Qc7 14. Rhe1
O-O 15. g4 b5 16. g5 hxg5 17. e5 dxe5 18. fxe5 Be7 19. h4 g6 20. h5 Kg7 21.
hxg6 fxg6 22. Ne4 Rae8 23. Nd6 Rd8 24. c3 Nxb3 25. axb3 Rf4 26. Rd3 Rdf8 27.
Red1 Bc8 28. Rh1 g4 29. Rg1 1/2-1/2